Elementary circuit properties of transistors (Record no. 23315)

000 -LEADER
fixed length control field 00727nam a22002531 4500
001 - CONTROL NUMBER
control field 23315
003 - CONTROL NUMBER IDENTIFIER
control field BD-DhUET
008 - FIXED-LENGTH DATA ELEMENTS--GENERAL INFORMATION
fixed length control field 730109s1964 nyua b 000 0 eng
040 ## - CATALOGING SOURCE
Original cataloging agency DLC
Transcribing agency DLC
Modifying agency BD-DhUET
082 ## - DEWEY DECIMAL CLASSIFICATION NUMBER
Classification number 623.8151
Item number SEA/19649
100 1# - MAIN ENTRY--PERSONAL NAME
Personal name Searle, Campbell L.
245 10 - TITLE STATEMENT
Title Elementary circuit properties of transistors
250 ## - EDITION STATEMENT
Edition statement 1st ed.
260 ## - PUBLICATION, DISTRIBUTION, ETC. (IMPRINT)
Place of publication, distribution, etc. New York
Name of publisher, distributor, etc. John Wiley & Sons
Date of publication, distribution, etc. 1964
300 ## - PHYSICAL DESCRIPTION
Extent xxi, 306 p.
Other physical details illus
Dimensions 22 cm.
490 ## - SERIES STATEMENT
Series statement Semiconductor electronics education committee books
500 ## - GENERAL NOTE
General note Volume - 3
504 ## - BIBLIOGRAPHY, ETC. NOTE
Bibliography, etc Includes bibliographies
650 #0 - SUBJECT ADDED ENTRY--TOPICAL TERM
Topical term or geographic name as entry element Circuits : Electronics : Engg.
700 ## - ADDED ENTRY--PERSONAL NAME
Personal name Boothroyd, A. R.
700 ## - ADDED ENTRY--PERSONAL NAME
Personal name Angelo, E. J.
700 ## - ADDED ENTRY--PERSONAL NAME
Personal name Gray, Paul E.
942 ## - ADDED ENTRY ELEMENTS (KOHA)
Koha item type General Book
Holdings
Shelving location Copy number Price effective from Koha full call number Koha item type Source of classification or shelving scheme Location (home branch) Damaged status Koha date last seen Piece designation (barcode) Date acquired Withdrawn status Not for loan Lost status Koha normalized classification for sorting Sublocation or collection (holding branch)
Circulation section12015-05-03623.8151/SEA/1964General Book Central Library, BUET 2015-05-03357352015-05-03   623_815100000000000_SEA_1964Central Library, BUET
Circulation section22015-05-03623.8151/SEA/1964General Book Central Library, BUET 2015-05-03357492015-05-03   623_815100000000000_SEA_1964Central Library, BUET
Circulation section32015-05-04623.8151/SEA/1964General Book Central Library, BUET 2015-05-04162382015-05-04   623_815100000000000_SEA_1964Central Library, BUET
Circulation section42015-05-04623.8151/SEA/1964General Book Central Library, BUET 2015-05-04125072015-05-04   623_815100000000000_SEA_1964Central Library, BUET
Circulation section52015-05-04623.8151/SEA/1964General Book Central Library, BUET 2015-05-04278512015-05-04   623_815100000000000_SEA_1964Central Library, BUET
Circulation section62015-05-04623.8151/SEA/1964General Book Central Library, BUET 2015-05-04435332015-05-04   623_815100000000000_SEA_1964Central Library, BUET
Circulation section72015-05-04623.8151/SEA/1964General Book Central Library, BUET 2015-05-04450102015-05-04   623_815100000000000_SEA_1964Central Library, BUET
Circulation section82015-05-04623.8151/SEA/1964General Book Central Library, BUET 2015-05-04357422015-05-04   623_815100000000000_SEA_1964Central Library, BUET
Circulation section92015-05-04623.8151/SEA/1964General Book Central Library, BUET 2015-05-04335402015-05-04   623_815100000000000_SEA_1964Central Library, BUET